000 00828nam a2200205Ia 4500
003 GCL
005 20240530102926.0
008 140319s9999 xx 000 0 ara d
040 _aGCL /
_cGCL
082 0 4 _a953
_bص خ
100 1 _aصلاح الدين عبداللطيف الناهى
245 1 0 _aالخوالد من اراء ابى الريحان البيرونى :
_bفى اسباب التمدن والمنهج الموازن واستعراض الثقافات /
_cصلاح الدين عبداللطيف الناهى
260 _aعمان :
_bدار الفكر للنشر والتوزيع ،
_c1985
300 _a104 ص ؛
_c20 سم
650 0 4 _aالعلم
650 0 4 _aالتاريخ الاسلامى
650 0 4 _aالاجتماع
650 0 4 _aالبيرونى , ابوالريحان محمد
942 _2ddc
_cBK
999 _c35411
_d35411